Normal view MARC view

Entry Topical Term

Number of records used in: 1

001 - CONTROL NUMBER

  • control field: 23694

003 - CONTROL NUMBER IDENTIFIER

  • control field: OSt

005 - DATE AND TIME OF LATEST TRANSACTION

  • control field: 20210319154600.0

008 - FIXED-LENGTH DATA ELEMENTS

  • fixed length control field: 210319|| aca||aabn | a|a d

040 ## - CATALOGING SOURCE

  • Original cataloging agency: OSt
  • Transcribing agency: OSt

150 ## - HEADING--TOPICAL TERM

  • Topical term or geographic name entry element: Travel distances, Transport, Urban amenities

670 ## - SOURCE DATA FOUND

  • Source citation: Work cat.: (OSt)515363: Moehling, C.M and Thomasson, Melissa A. 23693, Votes for women: An economic perspective on women's enfranchisement

Powered by Koha